[Event "RUS-ch"]
[Site "Elista"]
[Date "1995.??.??"]
[Round "3"]
[White "Bareev, Evgeny"]
[Black "Burmakin, Vladimir"]
[Result "1/2-1/2"]
[WhiteElo "2650"]
[BlackElo "2500"]
[Annotator "Huebner,R"]
[PlyCount "74"]
[EventDate "1995.10.??"]
[EventType "swiss"]
[EventRounds "11"]
[EventCountry "RUS"]
[SourceTitle "CBM 050"]
[Source "ChessBase"]
[SourceDate "1996.02.01"]
[SourceVersion "1"]
[SourceVersionDate "1996.02.01"]
[SourceQuality "1"]

1. d4 {Belov} d5 2. c4 c6 3. Nc3 Nf6 4. Nf3 a6 5. c5 Nbd7 6. Bf4 g6 7. h3 Bg7
8. e3 O-O 9. Be2 Ne4 (9... Ne8 10. O-O Nc7 $14) 10. O-O (10. Nxe4 dxe4 11. Nd2
e5 12. Bxe5 $6 Nxe5 13. dxe5 Qd5 $15 {Vaulin,A-Burmakin,V, St. Petersburg op
1995, EXP 46.}) 10... e5 $146 (10... f6 11. Nxe4 dxe4 12. Nd2 f5 13. Nc4 $14 {
Tukmakov,V-Blees,A, Portoroz op 1995, EXP 46.}) 11. Nxe5 (11. Bh2 {Belov} exd4
(11... Nxc3 12. bxc3 e4 13. Nd2 Nf6 14. Rb1 $16) 12. exd4 Ndf6 $10) 11... Nxc3
(11... Nxe5 {Belov} 12. Nxe4 dxe4 13. Bxe5 Bxe5 14. dxe5 Re8 15. Qd4 $16) 12.
bxc3 Nxe5 13. Bxe5 Bxe5 14. dxe5 Re8 15. Qd4 Qe7 16. f4 f6 (16... Bf5 17. Rae1
Be4 18. Bf3 $14) 17. exf6 Qxe3+ 18. Rf2 Qxd4 (18... Bf5 {Belov} 19. Bf3 Kf7 20.
Qb4 $36) 19. cxd4 Rf8 20. g4 (20. Rb1 $5 Rxf6 21. Bd3 $16) 20... Rxf6 21. Rb1 (
21. Bd3 $5 Re6 (21... Be6 {Belov} 22. Kg2 (22. Rb1 Raf8 23. Rxb7 Rxf4 24. Rxf4
Rxf4 25. Rb6 Rxd4 26. Bxa6 Bd7 27. Rb7 Be8 $17) 22... Raf8 23. Kg3 Bc8 24. Re1
$14) 22. Rf3 {Weiß fährt mit Ta1-b1 fort und behält großen Vorteil. Nach dem
Textzug erhält der Turm des Schwarzen unverdiente Aktivität.} (22. Re2 Kf7 23.
Rb1 Rxe2 24. Bxe2 $16)) 21... Re6 22. Bf3 {Schon hat Schwarz einen Erfolg
errungen, denn der Läufer gehört meines Erachetens nach d3.} Kf8 23. Kg2 (23.
Re2 {Belov} Rf6) 23... Re3 24. f5 {Ist dieses Ungestüm nötig? Ich hätte 24.Td2
nebst 25. Kf2 versucht.} (24. Rb3 $5 {Belov} Rxb3 (24... Re1 25. Re2 Rxe2+ (
25... Rd1 26. Rbe3 Bd7 (26... Rxd4 $2 27. Re8+ Kg7 28. R2e7+ Kf6 29. g5+ Kf5
30. Rf8#) 27. Re7 Rd8 28. Rxh7 Rxd4 29. Ree7 $16) 26. Bxe2 $16) 25. axb3 Bd7
26. Re2 Re8 $14) 24... gxf5 25. gxf5 Kg7 (25... Rd3 {Belov} 26. Re1 Bd7 27. Bh5
Rxd4 28. f6 $36) 26. f6+ Kxf6 27. Bxd5+ Kg5 28. Bf3 Kh4 29. Kh2 h5 30. Bg2 Bxh3
31. Rxb7 Bxg2 32. Rxg2 Rd8 33. d5 cxd5 (33... Rxd5 $4 34. Rb4+ $18) 34. c6 (34.
Rb4+ d4) 34... Rc8 35. Rf7 Rh3+ (35... Rxc6 $4 36. Rf4#) 36. Kg1 Rg3 37. c7
Rxg2+ 1/2-1/2

[Event "Orel"]
[Site "Orel"]
[Date "1995.??.??"]
[Round "8"]
[White "Mochalov, Evgeny Veniaminovic"]
[Black "Chekhov, Valery A"]
[Result "1/2-1/2"]
[WhiteElo "2455"]
[BlackElo "2500"]
[Annotator "Huebner,R"]
[PlyCount "42"]
[EventDate "1995.??.??"]
[EventType "tourn"]
[EventRounds "9"]
[EventCountry "RUS"]
[EventCategory "10"]
[SourceTitle "CBM 048"]
[Source "ChessBase"]
[SourceDate "1995.10.01"]
[SourceVersion "1"]
[SourceVersionDate "1995.10.01"]
[SourceQuality "1"]

1. d4 d5 2. c4 c6 3. Nf3 Nf6 4. Nc3 a6 5. Ne5 g6 6. Bf4 Bg7 7. e3 O-O 8. Be2
Nbd7 9. O-O Nxe5 10. Bxe5 Be6 11. cxd5 Nxd5 12. Bxg7 Nxc3 13. bxc3 Kxg7 14. a4
b5 15. Qc2 Rb8 16. c4 b4 17. Bf3 Qc7 18. d5 $2 cxd5 19. Qb2+ f6 20. cxd5 Bd7
21. Rfc1 Qd6 {Der Remisschluß ist mir unverständlich; Schwarz steht klar
besser, fast auf Gewinn.} 1/2-1/2

[Event "RUS-chT 03rd"]
[Site "Kazan"]
[Date "1995.??.??"]
[Round "8"]
[White "Zakharevich, Igor"]
[Black "Ibragimov, Ildar"]
[Result "0-1"]
[WhiteElo "2430"]
[BlackElo "2580"]
[Annotator "Huebner,R"]
[PlyCount "132"]
[EventDate "1995.??.??"]
[EventType "team-tourn"]
[EventRounds "9"]
[EventCountry "RUS"]
[SourceTitle "CBM 051"]
[Source "ChessBase"]
[SourceDate "1996.04.01"]
[SourceVersion "1"]
[SourceVersionDate "1996.04.01"]
[SourceQuality "1"]
[WhiteTeam "Cherepovets Severstal"]
[BlackTeam "Kazan Sberbank-Tatarstan"]
[WhiteTeamCountry "RUS"]
[BlackTeamCountry "RUS"]

1. d4 d5 2. Nf3 Nf6 3. c4 c6 4. Nc3 a6 5. a4 e6 6. Bg5 Nbd7 7. cxd5 exd5 8. e3
Be7 9. Bd3 O-O 10. Qc2 Re8 11. O-O a5 12. Rae1 Nf8 13. h3 Ne4 14. Bxe7 Qxe7 15.
Bxe4 dxe4 16. Nd2 b6 17. Nc4 Ba6 18. b3 b5 19. axb5 (19. Ne5 $5 bxa4 (19... b4
20. Ne2 c5 21. Qxe4 f6 22. Qd5+ Qe6 23. Qxe6+ Nxe6 24. Nc4) 20. Nxa4 Bxf1 21.
Rxf1 $13) 19... cxb5 20. Nb6 (20. Ne5 Rac8 $17) 20... Rab8 21. Ncd5 Qd8 22. Qc7
Ne6 23. Qxd8 Rexd8 24. Ra1 Bb7 25. Nc3 Rd6 26. Nc4 bxc4 27. bxc4 Rc8 28. c5 Ra6
29. Rfb1 Ba8 30. Rb5 a4 31. Rb4 a3 32. Rb3 a2 33. Rb2 f5 34. Rbxa2 Rxa2 35.
Rxa2 Nc7 36. Ra7 Bc6 37. Ne2 Nd5 38. h4 Ra8 39. Rxa8+ Bxa8 40. Nc1 Kf7 41. Nb3
Ke6 42. Nd2 Ne7 43. Nc4 f4 44. g3 Bd5 45. Nb6 fxg3 46. fxg3 Bb3 47. Kf2 h5 48.
Ke2 Nf5 49. Kf2 g6 50. Nc8 Kd7 51. Nb6+ Kc6 52. Nc8 Bc4 53. Nb6 Bb5 54. Nc8 Ba6
55. Nb6 Bb5 56. Nc8 Ba6 57. Nb6 Ne7 58. Na4 Nd5 59. Nb2 Nc3 60. Ke1 Bb5 61. Kd2
Ne2 62. Nd1 Nxg3 63. Nf2 Nf1+ 64. Kc3 Nxe3 65. Nxe4 Nf5 66. Nf6 Bf1 0-1

[Event "Bundesliga 0405"]
[Site "Germany"]
[Date "2004.12.12"]
[Round "6.6"]
[White "Ernst, Sipke"]
[Black "Kindermann, Stefan"]
[Result "0-1"]
[WhiteElo "2521"]
[BlackElo "2536"]
[Annotator "Huebner,R"]
[PlyCount "60"]
[EventDate "2004.11.12"]
[EventType "team-tourn"]
[EventRounds "15"]
[EventCountry "GER"]
[SourceTitle "CBM 105"]
[Source "ChessBase"]
[SourceDate "2005.04.11"]
[SourceVersion "1"]
[SourceVersionDate "2005.04.11"]
[SourceQuality "1"]
[WhiteTeam "Solingen"]
[BlackTeam "Tegernsee"]
[WhiteTeamCountry "GER"]
[BlackTeamCountry "GER"]

1. d4 d5 2. c4 c6 3. Nf3 Nf6 4. Nc3 a6 5. c5 Bf5 6. Bf4 Nbd7 7. h3 e6 8. b4 {
Dies ist ein neuer Versuch, der nicht viel einbringt.} Ne4 9. Rc1 $6 (9. Nxe4
dxe4 (9... Bxe4 10. Nd2 Bg6 11. e3 $11) 10. Nd2 Nf6 11. Nc4 Nd5 12. Bd2 {
führt zu gleichem Spiel.}) 9... a5 10. b5 Nxc3 11. Rxc3 cxb5 12. e4 $2 ({Nach} 
12. e3 b4 13. Rb3 {braucht Weiß noch keineswegs zu verzweifeln.}) 12... dxe4
13. Ne5 f6 14. g4 $2 {Dies ist unkorrekt; Schwarz gewinnt nun mühelos.} (14.
Nxd7 Qxd7 {ist freilich auch nicht erfreulich für Weiß; sein
Eröffnungsexperiment war wohl etwas zu hitzig.}) 14... fxe5 15. gxf5 exf4 16.
fxe6 Nf6 17. Bxb5+ Ke7 18. Rg1 g6 19. Bc4 b5 20. cxb6 Bh6 21. Qc1 Rc8 22. b7
Rc6 23. Bb3 Rxc3 24. Qxc3 Qb6 25. Qc8 Rd8 26. d5 f3 27. Rg4 a4 28. b8=Q Qxb8
29. d6+ Qxd6 30. Qb7+ Rd7 0-1

[Event "Novosibirsk"]
[Site "Novosibirsk"]
[Date "1995.??.??"]
[Round "9"]
[White "Ruban, Vadim"]
[Black "Dreev, Alexey"]
[Result "1/2-1/2"]
[WhiteElo "2535"]
[BlackElo "2670"]
[Annotator "Huebner,R"]
[PlyCount "92"]
[EventDate "1995.10.??"]
[EventType "tourn"]
[EventRounds "11"]
[EventCountry "RUS"]
[EventCategory "15"]
[SourceTitle "CBM 050"]
[Source "ChessBase"]
[SourceDate "1996.02.01"]
[SourceVersion "1"]
[SourceVersionDate "1996.02.01"]
[SourceQuality "1"]

1. d4 {Chekhov} d5 2. c4 c6 3. Nf3 Nf6 4. Nc3 a6 5. Ne5 (5. Bg5 $5 {Chekhov}
Ne4 6. h4) 5... dxc4 {Für diesen Zug habe ich kein Vorbild gefunden. /N/} (5...
Nbd7 {Chekhov} 6. Bf4 (6. cxd5 Nxe5 7. dxe5 Nxd5 8. e4 Nxc3 9. Qxd8+ Kxd8 10.
bxc3 e6 11. Be3 Kc7 12. a4 c5 13. Bd3 Bd7 14. Ke2 Be7 15. c4 Bc6 16. h4 $14 {
Hulak,K-Loncar,R/Slavonski Brod/1995/0,5/37/} Rhd8) 6... e6 (6... dxc4 $5 7.
Nxc4 b5 $132) 7. e3 Nxe5 8. Bxe5 Bd6 9. Bxd6 Qxd6 10. c5 Qe7 11. f4 O-O 12. Bd3
$14 {Gavrikov,V-Nikolic,P/Horgen/1994/0|1/46/}) (5... g6 6. Bf4 Bg7 7. e3 O-O (
7... Nh5 8. cxd5 Nxf4 9. exf4 cxd5 10. Qb3 $14) 8. Be2 $14) 6. Nxc4 {Mit
diesem Zug kann Weiß wohl keinen Vorteil erreichen. In Betracht kommt 6.g3
oder 6.a4.} b5 7. Ne5 Bb7 8. Bg5 (8. e4 $5 e6 (8... b4 9. Na4 Nxe4 10. Qf3 Nf6
11. Nc5 Qxd4 12. Ned3 Bc8 13. Be3 $44) 9. f3 c5 10. Be3 cxd4 $10) 8... h6 9.
Bh4 e6 10. e3 (10. f3 $5 {Chekhov} c5 11. dxc5 Qxd1+ 12. Rxd1 Bxc5 13. e4)
10... c5 $10 11. dxc5 Qxd1+ 12. Rxd1 Bxc5 13. Rc1 (13. Be2 $6 {Chekhov} g5 14.
Bg3 Bxg2 15. Rg1 Bb7 $17) (13. a4 $5 {Chekhov} b4 14. Na2 a5 (14... O-O 15. Nd3
) 15. Bb5+ Ke7 16. O-O) 13... Bd6 (13... Nbd7 $5 {Chekhov} 14. Bxf6 gxf6 (14...
Nxf6 15. Nxb5 $16) 15. Nxd7 Kxd7 16. Nxb5 axb5 17. Rxc5 Rxa2 $15) 14. Nd3 Nbd7
15. f3 Rc8 16. e4 Ne5 (16... Ke7 $5 {Chekhov}) 17. Bg3 Nfd7 18. a3 (18. Be2 $4
{Chekhov} b4 19. Nd1 Nxd3+ $19) 18... h5 (18... Ke7 $5 {Chekhov} 19. Be2 Rc7
$15) 19. Nxe5 Nxe5 20. Be2 h4 21. Bf2 Ke7 22. Be3 Nc4 23. Bxc4 Rxc4 24. h3 Rhc8
(24... f6 $5 {Chekhov} 25. Ke2 Rhc8 26. Kd3 $15) 25. Kd2 Be5 26. Rc2 a5 (26...
f6 $5 $15) 27. Rhc1 b4 28. axb4 axb4 29. Nd1 Rxc2+ 30. Rxc2 Rxc2+ 31. Kxc2 Ba6
32. Bd2 (32. Bg5+ $5 {Chekhov} f6 (32... Bf6 33. Bd2) 33. Bxh4 Bd4 (33... Bf1
34. Ne3) 34. Be1 (34. Bf2 $5 Bxf2 35. Nxf2 Bf1 36. g3 Kd6 37. Kd2 Kc5 38. Ke3
Kc4 $132) 34... Bc5 35. h4 $6 (35. Bf2 $5) 35... Bf1 36. g3 Bg2 $15) 32... Bd6
33. Bg5+ Kd7 34. Bxh4 Bf4 35. Be1 Bf1 36. g3 (36. Bxb4 $6 {Chekhov} Bxg2 $17)
36... Bd6 37. Ne3 (37. h4 Bg2 $15) 37... Bxh3 38. Kd3 (38. g4 {Chekhov} Bc5 39.
Kd3 Bxe3 40. Kxe3 b3 41. Kf2 f5 $10) (38. b3 $5 {Chekhov}) 38... b3 39. Nc4 Bc7
40. f4 (40. g4 {Chekhov} f5) 40... Bg2 41. Bf2 f5 42. exf5 exf5 43. Kc3 Bd5 44.
Kxb3 Ba5 45. Ka4 Bxc4 46. Kxa5 Kc6 1/2-1/2

[Event "EU-ch 5th"]
[Site "Antalya"]
[Date "2004.05.20"]
[Round "5"]
[White "Mamedyarov, Shakhriyar"]
[Black "Agrest, Evgenij"]
[Result "1-0"]
[WhiteElo "2657"]
[BlackElo "2601"]
[Annotator "Huebner,R"]
[PlyCount "55"]
[EventDate "2004.05.15"]
[EventType "swiss"]
[EventRounds "13"]
[EventCountry "TUR"]
[SourceTitle "CBM 101"]
[Source "ChessBase"]
[SourceDate "2004.07.27"]
[SourceVersion "1"]
[SourceVersionDate "2004.07.27"]
[SourceQuality "1"]

1. d4 d5 2. c4 c6 3. Nf3 Nf6 4. Nc3 a6 5. c5 Bg4 6. Ne5 Bf5 7. f3 b6 {Dies
sieht sehr riskant aus. Der Punkt c6 wird geschwächt, und Weiß bekommt eine
Menge taktischer Möglichkeiten. Schwarz sollte zunächst etwas für die
Entwicklung seines Königsflügels tun:} (7... g6 8. e4 Be6 {usw.}) 8. e4 Be6 $2
(8... dxe4 {muß versucht werden, damit man einen Nutzen vom Zug b7-b6 hat: der
Bauer auf b7 hängt nicht.} 9. Qb3 e6 (9... Qxd4 10. Qxf7+ Kd8 11. Bf4 {ist
ungesund für Schwarz.}) 10. Qxb6 Qxb6 11. cxb6 exf3 {führt zu unklarem Spiel.})
9. Na4 Nfd7 (9... b5 10. Nb6 Ra7 11. a4 {sieht auch sehr unerfreulich für
Schwarz aus.}) 10. cxb6 Nxb6 (10... dxe4 11. fxe4 Nxe5 12. dxe5 Nd7 13. Be3 $16
) 11. Bd2 N6d7 12. Nxd7 Bxd7 (12... Nxd7 13. Qc2 {sieht für Schwarz ebenfalls
höchst unerfreulich aus.}) 13. Qb3 Qc7 14. exd5 cxd5 15. Nb6 Ra7 {Man sieht
deutlich, daß dem Schwarzen die Eröffnung mißglückt ist. Weiß verwertet seinen
Vorteil auf energische Weise.} 16. Nxd7 {Dies ist noch überzeugender als} (16.
Nxd5 Qb7) 16... Nxd7 17. Rc1 Qd8 18. Rc6 e6 19. Bxa6 Ra8 (19... Rc7 20. Ba5 {
kann Schwarz auch nicht überleben:} Qh4+ (20... Rxc6 21. Bxd8 Rc1+ 22. Kf2 Rxh1
23. Bc7 {ist ebenfalls hoffnungslos.}) 21. g3 Rxc6 22. gxh4 Rxa6 (22... Rc1+ {
Nach} 23. Kf2 Rxh1 24. Qb7 {dauert es nicht mehr lange.}) 23. Qc3 Ra8 24. Rg1 {
usw.}) 20. O-O $18 Be7 21. Bb7 Rb8 22. a4 e5 23. a5 exd4 24. a6 O-O 25. a7 Ra8
26. Bxa8 Qxa8 27. Rc7 Nc5 28. Qb5 1-0

[Event "FIDE World Cup-B"]
[Site "Hyderabad"]
[Date "2002.10.10"]
[Round "1"]
[White "Yermolinsky, Alex"]
[Black "Kobese, Watu"]
[Result "0-1"]
[WhiteElo "2575"]
[BlackElo "2399"]
[Annotator "Huebner,R"]
[PlyCount "72"]
[EventDate "2002.10.05"]
[EventType "tourn"]
[EventRounds "5"]
[EventCountry "IND"]
[EventCategory "14"]
[SourceTitle "CBM 092"]
[Source "ChessBase"]
[SourceDate "2003.02.06"]
[SourceVersion "1"]
[SourceVersionDate "2003.02.06"]
[SourceQuality "1"]

1. d4 {Ftacnik} d5 2. c4 c6 3. Nf3 Nf6 4. Nc3 dxc4 5. Ne5 Nbd7 6. Nxc4 b5 7.
Ne3 Bb7 8. g3 c5 9. d5 a6 10. Bg2 g6 11. O-O Bg7 12. Qc2 (12. a4 b4 13. Nb1 a5
14. Qc2 Nb6 15. Rd1 O-O 16. Nd2 Ne8 17. Nb3 $6 ({Zu gleichem Spiel führt die
Fortsetzung} 17. Ndc4 Nd6 18. Rb1 Ndxc4 19. Nxc4 Nxc4 20. Qxc4 Ba6 $11 {
Nach dem Textzug gewinnt Weiß zwar zunächst einen Bauern, leidet aber an der
unharmonischen Aufstellung seiner Figuren und kommt nicht dazu, seine
Entwicklung zu vollenden.}) 17... Nd6 18. Qxc5 (18. Nxc5 Rc8 19. Nxb7 Nxb7 20.
Qd3 Nc5 21. Qb5 Nb3 22. Rb1 Rc5 {ist offenbar ungünstig für Weiß.}) 18... Nd7
19. Qc2 Rc8 20. Qd2 Qb6 21. Nd4 Nc5 22. Rb1 Nce4 $17 {0-1 Romanishin,
O-Morozevich,A/Elista 1998/CBM 66 ext/[Huebner,R] (60). (60)} (22... Nxa4 23.
Nc6 {ließe den Weißen zu Atem kommen.})) 12... O-O 13. Rd1 Rc8 14. b3 Qb6 {
Ftacnik: 'Kobese is excellently prepared in a theoretical sense, but with
energetic play proves also a deep understanding of the position. '} (14... Nb6
15. a4 b4 16. a5 Nfd7 17. axb6 Bxc3 18. Bb2 Bxb2 19. Qxb2 Nxb6 20. Ng4 h5 21.
Ne5 Qd6 22. Nc6 Rfe8 23. Rac1 e6 24. Qf6 Nd7 25. Qg5 exd5 26. Na5 Ba8 27. Bxd5
Bxd5 28. Rxd5 Qf6 29. Qd2 {1/2-1/2 Sulava,N-Kuporosov,V/Budapest 1990/EXT 97 
(29).}) 15. Bb2 {Weiß sollte zunächst einen prophylaktischen Zug einflechten:}
(15. Rb1 {zum Entkräften von c5-c4 oder} Rfd8 16. Bb2 Bh6) (15. h3 {zur
Erschwerung von Sf6-g4.}) 15... Bh6 16. Nf1 $2 {Danach bekommt Schwarz schon
deutlichen Vorteil. Nötig ist} (16. Bc1 {Jetzt droht 17.Sc4, so daß Schwarz
nichts Besserees hat als} Bg7 {, und nun kann Weiß einen der in der vorigen
Anmerkung angegebenen Züge wählen, wenn er auf Gewinn spielen will.}) 16... c4
17. b4 (17. bxc4 {Ftacnik} Rxc4 18. Nd2 Rc7 $15) 17... Ng4 {'!' Ftacnik.} 18.
e3 {Nach} (18. Ne4 c3 {Sonst spielt Weiß natürlich 19.Ld4.} 19. Ba3 (19. Bxc3 {
Ftacnik} f5 20. Bh3 e6 21. Bxg4 Bxd5 22. Bxf5 gxf5 23. Ned2 Bg7 $15) (19. Bc1 {
Ftacnik} Bxc1 20. Raxc1 f5 21. Bf3 fxe4 22. Bxg4 Rxf2 $17) 19... e6 20. h3 (20.
Nc5 Bxd5 21. Bxd5 exd5 22. Rxd5 (22. Nxd7 {scheitert an} Qxf2+ 23. Kh1 Be3)
22... Nxc5 23. bxc5 Qf6 {führt zu besserem Spiel für Schwarz.}) 20... Ngf6 21.
Nc5 Bxd5 22. Bxd5 exd5 23. Qxc3 Ne4 24. Qf3 Ndxc5 25. bxc5 Qe6 26. Kg2 Rfd8 {
hat Schwarz deutlichen Vorteil.}) 18... Nge5 19. Rab1 ({Das Qualitätsopfer,
das Weiß nach} 19. a4 Nd3 20. axb5 axb5 {zu bringen gezwungen ist, mag nicht
zum Ausgleich genügen:} 21. Rxd3 cxd3 22. Qxd3 Rc4 (22... Bg7 23. Ra5 Ba6 24.
d6 {führt zu unklarem Spiel.}) 23. Nd2 Rxb4 24. Ba3 Ra8 25. Ra2 Rg4 {Es ist
nicht deutlich, ob Weiß überleben wird:} 26. h3 Rxg3 27. fxg3 Qxe3+ 28. Qxe3
Bxe3+ 29. Kh2 Bxd2 {usw.}) 19... Nd3 20. Ba1 Nf6 21. h3 e6 (21... Qd6 {Nicht
schlecht ist auch} 22. Ne4 Nxe4 23. Bxe4 Bxd5 24. Bxd3 cxd3 25. Qxd3 Rfd8 26.
Qd4 f6 {mit erheblichem Stellungsvorteil für Schwarz.}) 22. e4 {Nach dem
Textzug wird Weiß schwere Sorgen mit der Schwäche des Punktes f2 bekommen.} (
22. Nxb5 axb5 23. Bxf6 Bxd5 24. Bxd5 exd5 25. Bd4 Qa6 {führt aber ebenfalls zu
einer für Weiß höchst unbequemen Stellung.}) (22. dxe6 fxe6 {ist gleichermaßen
unbefriedigend für Weiß.}) 22... e5 ({Die Fortsetzung} 22... exd5 23. Nxd5 Nxd5
24. exd5 Qd6 25. Qc3 f6 26. Be4 {überläßt dem Weißen bessere Möglichkeiten, zu
zappeln. Jetzt gibt es für ihn keine befriedigende Abwehr der Drohung Sf6-h5
nebst f7-f5.}) 23. Qe2 {Ftacnik: 'Yermolinsky must have been rather frustrated
by the flow of the game, with white pieces he has to fight hard to equalize.
In the middle game black's chances seems somewhat preferable due to the knight
on d3 and the possibility of active play with f7-f5.'} (23. Rxd3 {Ftacnik} cxd3
24. Qxd3 Ne8 25. Ne3 Nd6 $15) 23... Nh5 24. a4 f5 25. axb5 fxe4 $2 (25... axb5
{führt leicht zum Gewinn. Weiß muß die Qualität opfern; nach} 26. Rxd3 (26.
exf5 Rxf5 27. Ne4 Bxd5 {ist hoffnungslos für Weiß.}) 26... cxd3 27. Qxd3 Qxf2+
{siegt Schwarz ohne weiteres. Der hastige Textzug räumt dem Weißen
Rettungsaussichten ein.}) 26. Nxe4 Bxd5 27. Rxd3 $2 (27. bxa6 Bxe4 28. Qxe4
Rxf2 29. Qd5+ Rf7+ (29... Kh8 30. Kh1 Rxf1+ 31. Bxf1 Nxg3+ 32. Kh2 Bf4 33. Bxd3
Qf2+ 34. Qg2 {Die Stellung ist nicht leicht zu bewerten.}) 30. Kh2 Nf6 31. Qa5
{führt zu einer unklaren Lage.}) 27... cxd3 28. Qxd3 Bxe4 29. Qxe4 (29. Bxe4 {
rettet den Weißen nicht:} Rxf2 30. Bd5+ Kh8 (30... Kf8 {ist auch gut:} 31. Bd4
exd4 32. Kxf2 Rc3) 31. Bxe5+ Bg7 32. Bxg7+ Kxg7 33. Ne3 Rcc2 {mit Gewinn.})
29... Rxf2 30. Qd5+ Kh8 31. Bxe5+ Bg7 $19 32. Qd6 Rxg2+ 33. Kxg2 Rc2+ 34. Kf3
Qf2+ 35. Ke4 Re2+ 36. Kd3 Qf3+ {Schwarz hat die Partie vorzüglich durchgeführt.
} 0-1

[Event "ARG-ch"]
[Site "Argentina"]
[Date "1995.??.??"]
[Round "4"]
[White "Morovic Fernandez, Ivan"]
[Black "Gomez Baillo, Jorge H"]
[Result "1/2-1/2"]
[WhiteElo "2585"]
[BlackElo "2420"]
[Annotator "Huebner,R"]
[PlyCount "47"]
[EventDate "1995.??.??"]
[EventType "tourn"]
[EventRounds "15"]
[EventCountry "ARG"]
[EventCategory "9"]
[SourceTitle "CBM 049"]
[Source "ChessBase"]
[SourceDate "1995.12.01"]
[SourceVersion "1"]
[SourceVersionDate "1995.12.01"]
[SourceQuality "1"]

1. d4 d5 2. c4 c6 3. Nc3 Nf6 4. e3 a6 5. Nf3 b5 6. b3 Bg4 7. Be2 e6 8. O-O Nbd7
9. Ne5 Bxe2 10. Nxe2 Nxe5 (10... Rc8 $5) 11. dxe5 Nd7 12. cxd5 cxd5 13. Bb2 Be7
14. Nd4 {Die Stellung zeigt Ähnlichkeit mit dem Bild, das in der Partie
Hjartarson,J-Manninen,M, Reyjavik (zt) 1995( CBM 47) entstand; nach 14.Tc1 Db6
wäre die dortige Situation erreicht (außer daß der weiße h-Bauer auf h3 stand).
Dort setzte Weiß stark mit 15.Sf4 fort. Weiß sollte also erst 14.Tc1 ziehen;
auf 14...Tc8 ist die Antwort 15.Sd4 schon ausssichtsreich.} Qb6 15. Rc1 O-O 16.
Rc6 Qb7 17. Qc2 Ra7 18. Nf3 (18. f4 $142 Nb8 19. Rc3 b4 20. Rd3 Rc8 21. Qe2 $14
) 18... Nb8 19. Rc3 b4 20. Rd3 Rc8 21. Qb1 Nd7 22. Rd4 Nc5 23. Nd2 Qb5 24. e4
1/2-1/2

[Event "Hastings 9596"]
[Site "Hastings"]
[Date "1996.??.??"]
[Round "8"]
[White "Speelman, Jonathan S"]
[Black "Hodgson, Julian M"]
[Result "1/2-1/2"]
[WhiteElo "2620"]
[BlackElo "2590"]
[Annotator "Huebner,R"]
[PlyCount "82"]
[EventDate "1995.12.??"]
[EventType "tourn"]
[EventRounds "9"]
[EventCountry "ENG"]
[EventCategory "13"]
[SourceTitle "CBM 051"]
[Source "ChessBase"]
[SourceDate "1996.04.01"]
[SourceVersion "1"]
[SourceVersionDate "1996.04.01"]
[SourceQuality "1"]

1. d4 d5 2. c4 c6 3. Nc3 Nf6 4. e3 a6 5. Nf3 b5 6. b3 Bf5 7. Bd3 (7. Ne5 e6 8.
g4 Bg6 9. h4 Ne4 10. Nxe4 Bxe4 11. f3 f6 12. Nxc6 Nxc6 13. fxe4 dxe4 14. Qc2 f5
15. gxf5 exf5 16. Bd2 Rc8 $13 {Topalov,V-Popchev,M, Bulgarien (ch) 1992, TD 92/
10.}) 7... Bxd3 (7... e6 8. O-O Nbd7 9. Qc2 Bxd3 10. Qxd3 Be7 11. e4 dxe4 (
11... b4 12. exd5 (12. e5 bxc3 13. exf6 Nxf6 14. Qxc3 O-O $10) 12... bxc3 (
12... exd5 13. Ne2 $14) 13. dxc6 $36) 12. Nxe4 O-O $10 {Cifuentes Parada,
R-Libeau,R, Bad Wörishofen (op) 1992, TD 92/03.}) 8. Qxd3 e6 9. O-O Be7 10. a3
(10. e4 $5 b4 (10... dxe4 11. Nxe4 $14) 11. e5 bxc3 12. exf6 Bxf6 13. Ba3 Be7
14. Bxe7 Qxe7 15. Qxc3 $14) 10... O-O 11. Rd1 (11. e4 dxe4 12. Nxe4 Nbd7 $10)
11... Nbd7 12. Bd2 $6 dxc4 13. bxc4 Nb6 14. Ne5 (14. c5 $2 Bxc5 15. Ne5 Bd6 16.
Nxc6 Bxh2+ 17. Kxh2 Qd6+ 18. Ne5 Ng4+ 19. Kg1 Nxe5 $19) (14. cxb5 axb5 $17 {
(xa3).}) 14... Bd6 15. Nxc6 Bxh2+ 16. Kxh2 Qd6+ 17. Kg1 (17. Ne5 $2 Ng4+ 18.
Kg1 Nxe5 19. c5 Nxd3 20. cxd6 Nb2 21. Rdb1 N2c4 $17) 17... bxc4 18. Ne4 Qxc6
19. Nxf6+ gxf6 20. Qe2 Kh8 (20... f5 $6 21. Bb4 Rfe8 22. Qh5) 21. e4 Rg8 22.
Rac1 Rg6 23. g3 Rag8 24. Qf3 Nd7 (24... f5 $2 25. d5) 25. Kg2 Rg4 26. Bf4 e5
27. dxe5 fxe5 28. Be3 R4g6 29. Rd5 f6 30. Qf5 Nb6 31. Bxb6 Qxb6 32. Rh1 c3 33.
Rd7 h6 34. Qh3 Rf8 35. Qf5 Rfg8 36. Qh3 Rf8 37. Qxh6+ Rxh6 38. Rxh6+ Kg8 39.
Rg6+ Kh8 40. Rh6+ Kg8 41. Rg6+ Kh8 1/2-1/2